Implementácia inovatívnych prístupov v systéme výučby poistného trhu na báze interaktívnych metód s využitím experimentu záverečná správa za celé obdobie riešenia projektu KEGA č. 034EU-4/2016 : doba riešenia 2016 - 2017

Enregistré dans:
Détails bibliographiques
Auteur principal: Pastoráková, Erika, 1972-
Collectivité auteur: Ekonomická univerzita v Bratislave
Autres auteurs: Ondruška, Tomáš, 1988-, Brokešová, Zuzana, 1985-, Péliová, Jana, 1976-, Prociková, Júlia, Snopková, Andrea, 1987-, Jurkovičová, Monika, Janíková, Terézia, Kocúrek, Martin, 1990-, Meluchová, Jitka, 1965-, Kita, Pavol
Format: Livre
Langue:slovaque
Publié: Bratislava 2017
Édition:1. vydanie
Sujets:
Tags: Ajouter un tag
Pas de tags, Soyez le premier à ajouter un tag!

MARC

LEADER 00000nam a2200000 4500
001 0240831
005 20240521093619.9
041 0 |a slo 
044 |a SK 
245 1 0 |a Implementácia inovatívnych prístupov v systéme výučby poistného trhu na báze interaktívnych metód s využitím experimentu  |b záverečná správa za celé obdobie riešenia projektu KEGA č. 034EU-4/2016 : doba riešenia 2016 - 2017  |c vedúci projektu: Erika Pastoráková, spoluriešitelia: Tomáš Ondruška ... [et al.] ; oponenti: Jitka Meluchová, Pavol Kita 
250 |a 1. vydanie 
264 1 |a Bratislava  |c 2017 
300 |a 23 s.  |e prílohy 
610 2 0 |a vyučovanie 
610 2 0 |a pedagogika 
610 2 0 |a trh poistný 
610 2 0 |a experimenty 
100 1 |a Pastoráková, Erika, 1972- 
700 1 |a Ondruška, Tomáš, 1988- 
700 1 |a Brokešová, Zuzana, 1985- 
700 1 |a Péliová, Jana, 1976- 
700 1 |a Prociková, Júlia 
700 1 |a Snopková, Andrea, 1987- 
700 1 |a Jurkovičová, Monika 
700 1 |a Janíková, Terézia 
700 1 |a Kocúrek, Martin, 1990- 
700 1 |a Meluchová, Jitka, 1965- 
700 1 |a Kita, Pavol 
710 2 |a Ekonomická univerzita v Bratislave